Introduction To Psychology/ (Record no. 186061)

MARC details
000 -LEADER
fixed length control field 00632nam a22002177a 4500
005 - DATE AND TIME OF LATEST TRANSACTION
control field 20220311172423.0
010 ## - LCCN (DPL NO)
LC control number ENG-131572
020 ## - INTERNATIONAL STANDARD BOOK NUMBER
International Standard Book Number 9788131528990
Terms of availability 825.00
035 ## - SYSTEM CONTROL NUMBER
System control number EN-115104
037 ## - SOURCE OF ACQUISITION
Source of stock number/acquisition DBAD
082 ## - DEWEY DECIMAL CLASSIFICATION NUMBER
Classification number 150
245 ## - TITLE STATEMENT
Title Introduction To Psychology/
Statement of responsibility, etc Susan Nolen-Hoeksema [et al.]
250 ## - EDITION STATEMENT
Edition statement 16th Edition
260 ## - PUBLICATION, DISTRIBUTION, ETC. (IMPRINT)
Place of publication, distribution, etc Delhi
Name of publisher, distributor, etc Cengage Learning India Pvt. Ltd
Date of publication, distribution, etc 2014
270 ## - ADDRESS
Address 418, F.I.E. Patparganj
City Delhi
Postal code 110092
300 ## - PHYSICAL DESCRIPTION
Extent 728p.
Dimensions 27cm(pbk)
700 ## - ADDED ENTRY--PERSONAL NAME
Personal name Fredrickson, Barbara L.
700 ## - ADDED ENTRY--PERSONAL NAME
Personal name Loftus, Geoffrey R.
700 ## - ADDED ENTRY--PERSONAL NAME
Personal name Lutz, Christel
942 ## - ADDED ENTRY ELEMENTS (KOHA)
Source of classification or shelving scheme Dewey Decimal Classification
Item type English Books
Classification part 150
Call number suffix INT
Holdings
Withdrawn status Lost status Not for loan Collection code Home library Current library Date acquired Source of acquisition Cost, normal purchase price Full call number Barcode Copy number Cost, replacement price Koha item type
      Non-fiction Bawana Bawana 14/02/2022 DBAD/PUB 825.00 150 INT EN-115104 1 825.00 English Books

© Delhi Public Library
Hit Counter
free hit counter